| 000 | 00484nam a2200181Ia 4500 | ||
|---|---|---|---|
| 008 | 240925s9999 xx 000 0 und d | ||
| 020 | _a138646384 | ||
| 082 | _a005.133 LIN | ||
| 100 | _aLinden ,Peter Van Der | ||
| 245 | 0 | _aNot Just Java | |
| 250 | _aNA | ||
| 260 |
_aCalifornia: _bSunsoft press _c,1997. |
||
| 300 |
_axxii,477p. _bNA _fOriginal |
||
| 500 | _aIncludes Index | ||
| 600 | _aComputer Science | ||
| 650 | _aComputer science, information & general works | ||
| 942 | _cBK | ||
| 999 |
_c4870 _d4870 |
||